Normal view
MARC view
- 3 D Programming with C++
Entry Topical Term
001 - CONTROL NUMBER
- control field: 125757
003 - CONTROL NUMBER IDENTIFIER
- control field: NUST
005 - DATE AND TIME OF LATEST TRANSACTION
- control field: 20240910135355.0
008 - FIXED-LENGTH DATA ELEMENTS
- fixed length control field: 240910|| aca||aabn | a|a d
040 ## - CATALOGING SOURCE
- Original cataloging agency: NUST
- Transcribing agency: NUST
150 ## - HEADING--TOPICAL TERM
- Topical term or geographic name entry element: 3 D Programming with C++
670 ## - SOURCE DATA FOUND
- Source citation: Work cat.: (NUST): John D Goes 125756, 3 D Programming with C++, 2000.
